000
00301nam a2200121Ia 4500
005
20251222141944.0
008
251222s9999||||xx |||||||||||||| ||spa||
020
_a
84-9742-059-4
082
_a
371.78/S63
100
_a
Sobrado Fernández, Luis M.
245
0
_a
Diagnóstico en Educación:
942
_c
LIB
999
_c
9463
_d
9463